[Event "Hoogovens op"]
[Site "Wijk aan Zee"]
[Date "1993.01.??"]
[Round "4"]
[White "Van der Wiel, John"]
[Black "Nijboer, Friso"]
[Result "1-0"]
[WhiteElo "2555"]
[BlackElo "2505"]
[Annotator "Ftacnik,L"]
[PlyCount "73"]
[EventDate "1993.01.??"]
[EventType "swiss"]
[EventRounds "12"]
[EventCountry "NED"]
[SourceTitle "CBM 034"]
[Source "ChessBase"]
[SourceDate "1993.06.01"]
[SourceVersion "1"]
[SourceVersionDate "1993.06.01"]
[SourceQuality "1"]

1. e4 d6 2. d4 Nf6 3. Nc3 g6 4. f4 Bg7 5. Nf3 c5 6. dxc5 Qa5 7. Bd3 Qxc5 8. Qe2
Nc6 9. Be3 Qa5 10. O-O Bg4 11. Qe1 O-O 12. Kh1 Nb4 (12... Bxf3 13. Rxf3 Nb4)
13. Nd4 $1 Nxd3 14. cxd3 Bd7 15. h3 e6 16. Qf2 Ne8 17. Nb3 Qd8 $6 (17... Qa6
18. Rad1 f5 19. Bd4 e5 $5 20. Be3 Nf6) 18. Bxa7 f5 19. Bd4 fxe4 (19... e5 20.
fxe5 fxe4 (20... dxe5 21. Bc5 Rf7 22. d4 $5) 21. Qg3 $16) 20. dxe4 b5 21. Bxg7
Nxg7 22. Qd2 Qc7 23. Nd4 Qb6 (23... b4 24. Nce2 $16) 24. Rf3 b4 25. Nce2 Qb7
26. Ng3 e5 27. Nde2 exf4 28. Nxf4 Bc6 29. Qd4 Rae8 30. Qc4+ Kh8 31. Raf1 Bb5 (
31... Rg8 32. Rb3 $16) 32. Nxg6+ hxg6 33. Rxf8+ Kh7 34. Qg8+ Kh6 35. Qh8+ Kg5
36. R1f4 $1 Rxf8 37. Qh4# 1-0

[Event "Interpolis-02"]
[Site "Tilburg"]
[Date "1978.09.06"]
[Round "5"]
[White "Ljubojevic, Ljubomir"]
[Black "Timman, Jan H"]
[Result "0-1"]
[WhiteElo "2605"]
[BlackElo "2585"]
[Annotator "Ftacnik,L"]
[PlyCount "51"]
[EventDate "1978.09.01"]
[EventType "tourn"]
[EventRounds "11"]
[EventCountry "NED"]
[EventCategory "14"]
[SourceTitle "MCL"]
[Source "ChessBase"]
[SourceDate "1999.07.01"]
[SourceVersion "1"]
[SourceVersionDate "1999.07.01"]
[SourceQuality "1"]

1. e4 d6 2. d4 Nf6 3. Nc3 g6 4. f4 Bg7 5. Nf3 c5 6. dxc5 (6. Bb5+ $5) (6. e5 $5
) 6... Qa5 7. Bd3 Qxc5 8. Qe2 O-O 9. Be3 Qa5 10. O-O Bg4 11. Qf2 Bxf3 12. Qxf3
Nc6 13. Ne2 $2 (13. a3 Nd7 14. Bd2 $10) 13... Nd7 14. c3 $4 Nde5 $19 15. fxe5
Nxe5 16. Qh3 Nxd3 17. Qd7 Qa6 18. Qxe7 Rae8 19. Qh4 d5 20. Ng3 f5 21. e5 f4 22.
Bxf4 Qb6+ 23. Kh1 Nf2+ 24. Rxf2 Qxf2 25. Rf1 Qxb2 26. Qg5 0-1

[Event "Berlin Mephisto 1st"]
[Site "Berlin East"]
[Date "1990.05.19"]
[Round "4"]
[White "Smagin, Sergey"]
[Black "Espig, Lutz"]
[Result "1/2-1/2"]
[WhiteElo "2520"]
[BlackElo "2475"]
[Annotator "Fuchs,R"]
[PlyCount "94"]
[EventDate "1990.05.16"]
[EventType "tourn"]
[EventRounds "9"]
[EventCountry "DDR"]
[EventCategory "11"]
[SourceTitle "EXT 1997"]
[Source "ChessBase"]
[SourceDate "1996.11.15"]
[SourceVersion "1"]
[SourceVersionDate "1996.11.15"]
[SourceQuality "1"]

{SCHACH 6/1990} 1. e4 d6 2. d4 Nf6 3. Nc3 g6 4. f4 Bg7 5. Nf3 c5 6. Bb5+ Bd7 7.
e5 Ng4 8. e6 fxe6 9. Ng5 Bxb5 10. Nxb5 Qa5+ 11. c3 Qxb5 12. Qxg4 cxd4 $5 13.
Nxe6 Qc4 14. f5 Bf6 15. fxg6 hxg6 16. Rf1 Kf7 17. Ng5+ Kg7 18. Qe6 Qxe6+ 19.
Nxe6+ Kh7 20. Nc7 dxc3 $1 21. Nxa8 Na6 22. Rf3 $1 Rc8 $1 23. bxc3 Bxc3+ 24.
Rxc3 Rxc3 25. Rb1 Rc8 26. Rxb7 Rxc1+ 27. Kd2 Ra1 28. Rxe7+ Kh6 29. Rxa7 Rxa2+
30. Ke3 Nb4 31. Rxa2 Nxa2 32. Nc7 Nc3 33. Kd3 Na4 34. Nb5 Nc5+ 35. Ke3 Nb7 36.
Kd4 Kg5 37. Kd5 Kf4 38. Nxd6 Nd8 39. Nc4 g5 40. Ne5 Ke3 41. Nf3 $2 {Lässt den
Nd8 heraus, so dass sich das Remis abzeichnet.} ({Sehr stark war} 41. g3 $1 {
weil Schwarz keinen vernünftigen Zug hat.}) 41... Nf7 42. Ke6 Kf2 43. g3 Nd8+
44. Kf5 Kxf3 45. Kxg5 Nf7+ 46. Kg6 Ne5+ 47. Kh5 Kg2 1/2-1/2

[Event "Jakarta"]
[Site "Jakarta"]
[Date "1994.??.??"]
[Round "3"]
[White "Antonio, Rogelio Jr"]
[Black "Tkachiev, Vladislav"]
[Result "1-0"]
[WhiteElo "2505"]
[BlackElo "2510"]
[Annotator "Gagarin,V"]
[PlyCount "59"]
[EventDate "1994.04.??"]
[EventType "tourn"]
[EventRounds "13"]
[EventCountry "INA"]
[EventCategory "10"]
[SourceTitle "CBM 041"]
[Source "ChessBase"]
[SourceDate "1994.08.01"]
[SourceVersion "1"]
[SourceVersionDate "1994.08.01"]
[SourceQuality "1"]

1. e4 {Stohl} g6 2. d4 Bg7 3. Nc3 d6 4. f4 Nc6 5. Be3 Nf6 6. Nf3 O-O 7. e5 $1
dxe5 (7... Ng4 8. Bg1 Nh6 (8... dxe5 9. fxe5 $5 Nh6 (9... Bh6 $6 10. Qe2 $16)
10. Qe2 Bf5 11. a3 Bg4 12. O-O-O Nf5 13. Qe4 Bxf3 14. gxf3 e6 15. Bh3 {Sax,
G-Azmauparashvili,Z/Manila(ol)/1992/0,5 (15)/}) 9. h3 f6 $6 10. d5 Nb4 (10...
Nb8 11. e6 c6 12. g4 Na6 13. Qd2 b5 14. f5 $1 $16) 11. a3 Na6 12. e6 $16 {
de Firmian,N-Azmayparashvili,Z/Reykjavik/1990/1:0 (51) Inf 49/182/}) 8. dxe5
Ng4 (8... Nh5 $5 9. Bc4 Bh6 10. g3 Bg4 11. Qe2 Kh8 12. Rd1 Qc8 13. Ne4 f6 14.
O-O Qf5 $1 $10 {Ehlvest,J-Nogueiras,J/Biel(izt)/1993/0,5 (68) Inf 58/155/}) 9.
Bg1 Qxd1+ (9... f6 10. Bc4+ Kh8 11. h3 (11. Nb5 Bf5 12. h3 Nh6 13. Qe2 fxe5 14.
g4 a6 15. Nc3 Bd7 16. O-O-O Rxf4 17. Bh2 Rxf3 $1 18. Qxf3 e6 $13 {Balashov,
Y-Rukavina,J/Sochi/1973/}) 11... Nh6 12. Qe2 fxe5 13. fxe5 e6 (13... Rxf3 $6
14. Qxf3 Nxe5 15. Qe2 Bf6 16. Rd1 Qf8 17. Bf2 $16 {Nogueiras/}) 14. Bb5 $5 (14.
Bf2 Nf7 $5 $13) 14... Rxf3 $6 (14... Nf5 $6 15. Rd1 $2 (15. Bxc6 $1 Ng3 16. Qc4
bxc6 (16... Nxh1 17. Rd1 Qe7 18. Bc5 Qf7 19. Bxf8 Bxf8 20. Ba4 $14 {Seirawan/})
17. Rh2 a5 18. Rd1 Qe8 19. Bc5 $16) 15... Qe8 16. Bf2 a6 17. Ba4 b6 $1 18. O-O
Bb7 $10 {Seirawan,J-Spraggett,K/Moscow(GMA)/1990/1:0 (54) Inf 49/182/}) (14...
Qe8 $5) (14... Bd7 $5) 15. Qxf3 Nxe5 16. Qe2 $16) 10. Rxd1 f6 11. Bc4+ (11.
exf6 exf6 12. Bc4+ Kh8 13. h3 Nh6 (13... Re8+ 14. Kf1 Nh6 (14... Nh6 {Stohl}
15. g4 Na5 16. Bb5 c6 17. Bd3 Be6 18. Rh2 Nc4 19. Rb1 f5 20. g5 Nf7 $15 {
Sorensen,J-Mortensen,E/DEN-ch/1991/})) 14. Bc5 (14. Nd5 $5 Be6 15. Bc5 $14 {
Nunn/}) 14... Re8+ 15. Kf2 Bf5 (15... b6 16. Bd5 Bb7 17. Nd4 Nxd4 18. Bxd4 c6
19. Be4 Re7 20. Rhe1 {Stohl} Rae8 21. b4 f5 22. Bxg7+ Kxg7 23. Bf3 Nf7 24. Rxe7
Rxe7 25. Ne2 c5 $10 {Gruenfeld,Y-Davies,N/Tel Aviv/1990/}) (15... Be6 16. Bb5
$5 $14) 16. Rd2 Na5 17. Be2 b6 18. Ba3 Rad8 19. Rhd1 Rxd2 20. Rxd2 Nf7 21. Bb4
Rd8 22. Rxd8+ Nxd8 23. Bxa5 bxa5 24. Nd4 Bd7 25. Ke3 f5 26. Bc4 Nc6 $132 {
Kindermann,S-Lau,R/BL 8990/1990/}) 11... Kh8 12. h3 Nh6 13. Bh2 fxe5 14. Nxe5
$1 $146 (14. fxe5 $2 Bxh3 15. O-O Bg4 {Stohl} 16. Rde1 Bxf3 17. Rxf3 Ng4 18.
Bd5 Nxh2 19. Kxh2 Bxe5+ 20. Kh3 Bd6 21. Nb5 Ne5 22. Rxf8+ Rxf8 23. Bxb7 Rb8 24.
Nxd6 exd6 $19 {Mortensen,E-Davies,N/Graested/1990/}) 14... Nxe5 (14... Nf5 $5 {
Stohl} 15. Nxc6 (15. Nf7+ Kg8 16. Nd6+ Kh8 $10) 15... bxc6 16. Rd2 Rb8 17. Bb3
c5 $132) 15. fxe5 c6 (15... b6 $6 16. Bd5 Rb8 17. e6 $16) (15... Nf5 16. Ke2 (
16. O-O Ne3 17. Rxf8+ Bxf8 18. Rd8 Nxc4 19. Rxf8+ Kg7 20. Rd8 Nb6 21. Nb5 Bf5
$10) (16. Rd3 {Stohl} c6 17. a4 $1 $14 {/\g4,פ} (17. g4 b5 18. Bb3 Nh4 $132
19. Ke2)) (16. Nd5 c6 17. Nc7 Rb8 $13) (16. Rf1 Ne3 17. Rxf8+ Bxf8 18. Rd8 Nxc4
19. Rxf8+ Kg7 20. Rd8 Nb6 21. Bg1 Bf5 $10) 16... c5 $132) 16. Rf1 (16. g4 $5)
16... Re8 $2 (16... Bf5 $6 17. g4 $1 Bxc2 18. Rd2 Ba4 (18... Rxf1+ 19. Bxf1 $1
$18) 19. Nxa4 b5 20. Bb3 bxa4 21. Bxa4 $16) (16... Rxf1+ $6 17. Kxf1 Bf5 18. g4
$16) (16... Nf5 $1 17. Bf4 (17. Rd3 b5 18. Bb3 b4 19. Ne2 Ba6 $36) (17. Ke2 b5
18. Bd3 Be6 $10) (17. g4 {Stohl} Ne3 18. Rxf8+ Bxf8 19. Rd8 Nxc4 20. Rxf8+ Kg7
21. Rd8 Nb6 22. Bg1 $1 {/\} Be6 23. Bxb6 $18) 17... Nh4 $1 18. Rd2 b5 $1 (18...
Nxg2+ $5 19. Rxg2 Bxh3 20. Rgf2 Bxf1 21. Rxf1 Rad8 $13) 19. Bd3 Nxg2+ $6 (19...
Be6 $10) 20. Rxg2 Bxh3 21. Rgf2 Bxf1 22. Rxf1 $14) 17. g4 $16 b5 18. Bb3 a5 19.
a4 Rb8 20. Ra1 bxa4 (20... b4 21. Ne4 $16) 21. Rxa4 Ra8 22. Rf2 c5 23. Nd5 Ra7
24. Nb6 Bb7 25. Rd2 Ra6 26. Nc4 $18 Bc8 (26... Rea8 27. Rxa5 $1 Rxa5 28. Nxa5
Rxa5 29. Rd8+ $18) (26... Rc8 {Stohl} 27. Rxa5 Nf7 28. Rxa6 Bxa6 29. Nb6 e6 (
29... c4 {Stohl} 30. Nxc8 cxb3 31. e6 bxc2 32. Rxc2 $18) (29... Rb8 {Stohl} 30.
Bxf7 Rxb6 31. Rd8+ Bf8 32. e6 $1 Kg7 33. Be5+ $18) 30. Rd7 $6 $138 {1-0
Antonio,R-Tkachiev,V/Jakarta (03) 1994} (30. Nxc8 $18 {Stohl}) (30. Rd7 {Stohl}
Rf8 31. Ra7 Bb5 32. Nd7 Bxd7 33. Rxd7 Nxe5 34. Rxg7 Nf3+ 35. Ke2 Nxh2 36. Rc7
$18)) (26... Nf7 {Stohl} 27. Nxa5 Nxe5 28. Bxe5 Bxe5 29. Nxb7 $18) 27. Rxa5 $6
(27. Nxa5 $5 Be6 28. Nb7 $18) 27... Nf7 $1 28. Rxa6 (28. Rxc5 $6 Ng5 29. Rd3
Ra1+ 30. Ke2 Rh1 $132) 28... Bxa6 29. Na3 $2 (29. Rd5 e6 (29... Rc8 30. e6 Nd8
31. Nb6 $18) 30. Rxc5 $18) 29... e6 $2 (29... Nxe5 $14) 30. Rd7 (30. Rd7 Bxe5
31. Bxe5+ Nxe5 32. Ra7 Bc8 33. Rc7 $16) 1-0

[Event "Redbus KO"]
[Site "Southend"]
[Date "1999.04.02"]
[Round "1.1"]
[White "Chandler, Murray G"]
[Black "McNab, Colin Anderson"]
[Result "1-0"]
[WhiteElo "2520"]
[BlackElo "2418"]
[Annotator "Gershon,A"]
[PlyCount "77"]
[EventDate "1999.04.??"]
[EventType "k.o."]
[EventRounds "4"]
[EventCountry "ENG"]
[SourceTitle "CBM 071"]
[Source "ChessBase"]
[SourceDate "1999.08.01"]
[SourceVersion "1"]
[SourceVersionDate "1999.08.01"]
[SourceQuality "1"]

1. e4 g6 2. d4 d6 3. f4 Bg7 4. Nc3 Nc6 5. Be3 Nf6 6. Nf3 O-O 7. Be2 e6 8. Qd2
Ne7 9. O-O-O {Leads to a double edged play} (9. Bd3 b6 10. h3 Bb7 11. O-O c5
12. e5 Nfd5 13. exd6 (13. Nxd5 Nxd5 14. c3) 13... Qxd6 14. dxc5 bxc5 15. Ne4
Qc7 16. Bxc5 f5 17. Bd6 Qd8 18. Bxe7 Qxe7 19. Nc3 Nxc3 20. bxc3 Bxf3 21. gxf3
Qc5+ $15 {1/2-1/2 Thipsay,P-McNab,C/Thessaloniki 1984/EXT 97-B (33)}) (9. h3 b6
10. e5 Nfd5 11. Nxd5 Nxd5 12. Bf2 Bb7 13. O-O-O Bh6 14. g3 dxe5 15. dxe5 Nxf4
16. gxf4 Qxd2+ 17. Kxd2 Bxf4+ 18. Kc3 Bxf3 19. Bxf3 Bxe5+ 20. Bd4 Bxd4+ 21.
Rxd4 $16 {[%cal Gd1d8,Gh1d1] 1-0 Berelovich,A-McNab,C/Koszalin 1998/CBM 65 ext
(41)}) (9. Bf2 $5 {preparing e4-e5} b6 10. e5 Nfd5 11. Ne4 f5 12. Neg5 h6 13.
Nh3 dxe5 14. fxe5 b5 15. Bxb5 g5 16. Nhg1 Rb8 17. Bc4 Ng6 18. h4 g4 19. h5 Nge7
20. Nh4 Rxb2 21. Bb3 c5 22. O-O-O c4 23. Bxc4 Rb4 $132 {1/2-1/2 Wahls,M-Belov,
I/Hamburg 1995/EXT 97 (31)}) 9... b6 10. e5 (10. Ng5 h6 11. Nh3 Bb7 12. Bf3 Rb8
13. g4 b5 14. Qg2 b4 15. Ne2 d5 16. e5 Ne4 17. Ng3 c5 18. Bxe4 dxe4 19. f5 Nd5
20. Qf2 Qa5 21. f6 Qxa2 22. fxg7 Rfd8 23. Rhf1 Rd7 24. Nxe4 c4 25. Qh4 c3 26.
Nxc3 bxc3 27. bxc3 Qa1+ 28. Kd2 Qxc3+ 29. Kc1 Qa3+ {0-1 Botterill,G-McNab,C/
Brighton 1984/MCL (29)}) (10. h4 Bb7 11. h5 Nxe4 12. Nxe4 Bxe4 13. Ng5 Bxg2 14.
Rh2 Bb7 15. hxg6 hxg6 16. Ba6 Bd5 17. c4 f6 18. cxd5 fxg5 19. dxe6 d5 20. Rdh1
{with a complicated game in: Chandler,M-Nijboer,F/London 1992/CBM 31 ext (29)})
10... Nfd5 11. Nxd5 Nxd5 12. Bf2 f6 13. c4 Ne7 14. exf6 Bxf6 15. Rhe1 a6 {
Seems to be a little slow, perhaps black should've thought of a more gambit
play:} (15... b5 16. cxb5 a6 17. b6 cxb6 18. Kb1 $13) 16. Bh4 $1 {Neutrelizing
the potentially dangerous bishop} Nf5 17. Bg5 Bd7 18. Bd3 b5 19. d5 exd5 (19...
bxc4 20. Bxc4 e5 21. fxe5 dxe5 22. d6+ $16) 20. cxd5 Rf7 21. Kb1 h6 22. g4 $1 {
Now black position collapses very quickly} Ne7 (22... hxg5 23. gxf5 gxf4 24.
fxg6 Rf8 25. h4 $40) 23. Bxh6 Bxg4 24. Qg2 Qd7 25. Re6 $1 {Disconnecting
between the king and his army} Bxe6 26. dxe6 Qxe6 27. Bxg6 Rg7 28. Bxg7 Bxg7
29. Bh7+ $1 Kf8 30. Ng5 Qc8 31. f5 (31. Ne6+ Qxe6 32. Qxa8+ {also winning of
course, but there are just so many ways....}) 31... Be5 32. f6 Bxf6 33. Rf1 Kg7
34. Ne4+ Kxh7 35. Nxf6+ Kh6 36. Rf3 Ng6 37. Rh3+ Kg7 38. Nh5+ Kf7 39. Rf3+ {
A very impressive attack by white.} 1-0

[Event "Bundesliga 9697"]
[Site "Germany"]
[Date "1997.??.??"]
[Round "?.1"]
[White "Glek, Igor Vladimirovich"]
[Black "Ribli, Zoltan"]
[Result "0-1"]
[WhiteElo "2620"]
[BlackElo "2585"]
[Annotator "Glek,I"]
[PlyCount "82"]
[EventDate "1996.10.12"]
[EventType "team-tourn"]
[EventRounds "15"]
[EventCountry "GER"]
[SourceTitle "GER-chT"]
[Source "ChessBase"]
[SourceDate "1999.07.01"]
[SourceVersion "1"]
[SourceVersionDate "1999.07.01"]
[SourceQuality "1"]
[WhiteTeam "Bochum"]
[BlackTeam "Passau"]
[WhiteTeamCountry "GER"]
[BlackTeamCountry "GER"]

1. e4 d6 2. d4 Nf6 3. Nc3 g6 4. f4 Bg7 5. Nf3 c5 6. dxc5 Qa5 7. Bd3 Qxc5 8. Qe2
Bg4 9. Be3 Qa5 10. O-O Nc6 11. Qe1 O-O 12. Kh1 Rac8 13. a3 Rfd8 14. h3 Bxf3 15.
Rxf3 e6 16. Qg1 $5 {/\ 17.Raf1} Ne8 17. Nd1 $6 d5 18. e5 $6 f5 19. exf6 Nxf6
20. Rf1 $2 (20. b4 Qc7 21. b5 {/\ 22.b6} e5 $1 $13) 20... Qc7 $17 21. g4 $5 e5
22. f5 e4 23. Be2 gxf5 24. g5 $6 (24. c3 $5 {/\ Bf4, Ne3©}) 24... Nd7 25. Rxf5
Nde5 26. Nf2 Ne7 27. Rf6 N7g6 28. Bd4 $6 Nc6 $1 29. Ng4 Nxd4 30. Qxd4 Qg3 $1
$19 31. Bf1 Rxc2 32. Rd1 Kh8 33. Qxa7 Ne5 34. Qb6 Rdc8 35. Qe3 Rh2+ 36. Nxh2
Qxe3 37. Re6 Nf3 38. Ng4 Qxg5 39. Rb6 d4 40. Bg2 h5 41. Nf2 Rc1 0-1

[Event "Skopje op 18th"]
[Site "Skopje"]
[Date "2002.01.21"]
[Round "7"]
[White "Paramos Dominguez, Roberto"]
[Black "Bogdanovski, Vlatko"]
[Result "1/2-1/2"]
[WhiteElo "2381"]
[BlackElo "2435"]
[Annotator "Gofshtein,L"]
[PlyCount "133"]
[EventDate "2002.01.15"]
[EventType "swiss"]
[EventRounds "9"]
[EventCountry "MKD"]
[SourceTitle "CBM 088"]
[Source "ChessBase"]
[SourceDate "2002.03.21"]
[SourceVersion "1"]
[SourceVersionDate "2002.03.21"]
[SourceQuality "1"]

{[%mdl 128]} 1. e4 d6 2. d4 g6 3. Nc3 Bg7 4. f4 Nf6 5. Nf3 O-O 6. Bd3 Na6 {
Black preparing the operations on the queenside by means of c7-c5,Na6-c7,etc.}
7. O-O c5 8. d5 Bg4 9. Bc4 (9. h3 Bxf3 10. Rxf3 Nc7 11. a4 Rb8 12. Qe1 Nd7 13.
Bd2 Na6 14. Nd1 e6 15. dxe6 fxe6 16. Bc3 Bxc3 17. Nxc3 $14 {Polgar,Zso-Hodgson,
J/Amsterdam Donner op/1995}) (9. a3 $5 Nc7 10. h3 Bxf3 11. Qxf3 e6 12. f5 $5
exd5 13. exd5 $36 Nd7 14. Qg3 Be5 15. Bf4 Ne8 16. Bxe5 Nxe5 17. Ne4 $36 {
Zulfugarli,M-Kochetkov,G/Nikolaev zt/1995}) (9. Kh1 e6 10. dxe6 fxe6 11. h3
Bxf3 12. Rxf3 Nb4 13. f5 gxf5 14. exf5 Qc8 $132 {Okkes,M-Cuijpers,F/NLD-chT9495
}) (9. Qe1 $6 Nb4 $5 {[%cal Rb4d3]} 10. Qh4 c4 $5 11. Bxc4 Nxc2 12. Rb1 Bxf3 $1
(12... Rc8 13. Bb3 Qb6+ 14. Kh1 Bxf3 15. Bxc2 Be2 $132 {Rogers,I-Torre,E/San
Francisco/1991/ (25)}) 13. Rxf3 Rc8 14. Bb3 Nd4 $132 15. Rh3 Nxb3 16. axb3 h5
$15 {Plachetka,J-Jansa,V/CL Trnava-Bohemians/1992}) 9... Nc7 (9... Nd7 10. h3
Bxf3 11. Qxf3 (11. Rxf3 Nc7 12. a4 Rb8 13. Qd3 Re8 14. Be3 a6 15. Raf1 $14 {
Finkel,A-Zilberman,Y/ISR-ch 1996}) 11... Nc7 (11... Nb6 12. Bb5 f5 13. exf5
gxf5 14. Bd2 Nc7 15. Bd3 c4 16. Be2 $14 {Krakops,M-Nogueiras,J/Ubeda op 1997})
12. Be3 a6 13. Rad1 b5 14. Be2 b4 15. Na4 Nb5 $132 {Hector,J-Hoi,C/Kobenhavn
op/1990}) ({Another possibility is:} 9... Nd7) (9... e6 10. dxe6 (10. h3 exd5
11. Nxd5 Be6) 10... Bxe6 11. Bxe6 fxe6 12. Ng5 $1 {/\ f5|^}) 10. h3 (10. a4 a6
11. Qe2 $1 (11. a5 Nb5 $1) 11... Nd7 12. h3 Bxf3 13. Rxf3 $14) 10... Bxf3 11.
Qxf3 a6 (11... e6 $6 12. dxe6 fxe6 13. Rd1 $5 (13. Be3 b6 (13... Qe7 14. e5
dxe5 15. Qxb7 Rfb8 16. Qf3 Rxb2 17. Ne4 Nxe4 18. Qxe4 exf4 19. Bxf4 Re8 20. Bb3
Rxb3 21. axb3 Bxa1 22. Rxa1 Nb5 23. Be3 $44 {Dolmatov,S-Smirin,I/Rostov/1993/})
14. Rad1 Qe7 15. Rfe1 Kh8 16. g4 Rad8 17. Bf2 Nd7 18. Qg3 $36 {Wedberg,
T-Azmaiparashvili,Z/Reykjavik op 1990}) 13... Qe7 14. f5 $36 (14. e5 $5 dxe5
15. Qxb7 $16)) (11... Nd7 12. a4 (12. Re1 a6 13. a4 Rb8 14. a5 b5 15. axb6 Rxb6
16. Qd3 Qb8 17. Ra2 Nb5 18. Bd2 g5 19. g3 Kh8 20. Ne2 $14 {Tzermiadianos,
A-Tsorbatzoglou,T/Ermoupoli 1996}) 12... b6 13. h4 $6 e6 14. dxe6 Nxe6 15. Qh3
Nd4 $15 {Diedrichsen,D-Brettschneider,S/OL-NW9495}) 12. a4 b6 {[%mdl 4] This
move preventing 13.a5 and preparing for counterplay by means of "b5".} (12...
Nd7 13. Bd2 (13. Qe2 $146 Kh8 $5 (13... f5 $2 14. e5 $16 {()}) 14. Rd1 Rb8 (
14... f5 15. Bd2 {[%cal Ya1b1,Yb2b4] /\Rab1,b4|^<<} fxe4 16. Nxe4 {[%csl Rf6,
Rf7,Rg7,Rh6][%cal Yd2c3] /\Bc3,׻}) 15. a5 b5 16. axb6 Rxb6 17. Ra2 $14 {
Forster,R-Hodgson,J/Horgen-B 1995} (17. Ra2 $14 {0-1 Forster,R-Hodgson,J/
Horgen 1995/CBM 50})) (13. a5 b5 14. axb6 Nxb6 15. Be2 (15. Qd3 $6 Rb8 16. Nd1
e6 $1 17. c3 (17. dxe6 fxe6 {/\ d5}) 17... Nxc4 18. Qxc4 exd5 19. exd5 f5 $1
$15 {Harley,A-Hodgson,J/BCF-ch 1993} (19... f5 $1 $15 20. Ra2 Re8 $132 {
0-1 Harley,A-Hodgson,J/Dundee 1993/CBM 38/[Bulletin] (40)})) 15... f5 $1 $13) (
13. Qd3 Nb6 14. Ba2 (14. Bb3 Rc8 $1 {[%csl Gc8][%cal Gc5c4]} (14... Nd7 $143
15. Bd2 $6 Rb8 16. a5 b5 17. axb6 Nxb6 $132 {Sutovsky,E-Kantsler,B/Israel,1999
(1/2-1/2)(33)}) 15. a5 $140 $6 c4 $36) 14... Qd7 15. a5 Nc8 16. Bd2 b5 17. axb6
Nxb6 18. Rae1 (18. Nd1 $5 {/\ c4, Bc3+/-}) 18... Nb5 19. Nd1 $14 {
Dolmatov-Chernin/Minsk ch-SU/1987}) (13. Rd1 $5 Rb8 14. a5 $16) 13... Rb8 14.
a5 b5 15. axb6 Nxb6 16. Be2 Nb5 $13 {Pedzich,D-Czerwonski,A/POL-chT 1994}) (
12... Rb8 13. a5 b5 (13... e6 14. dxe6 Nxe6 15. Ne2 Nd4 16. Nxd4 cxd4 17. e5
Ne8 18. f5 $1 $36 {Wahls,M-Strikovic,A/Zaragoza op 1996}) 14. axb6 Rxb6) 13.
Qd3 (13. Re1 Nd7 14. Ra3 (14. Qd3 Qc8 15. Qg3 Qb7 16. Qh4 Nf6 17. Be2 b5 18.
Bf3 Rad8 19. Be3 $13 {Staniszewski,P-Czerwonski,A/Warsaw 1998/EXT 2000}) 14...
Rb8 {1/2-1/2 Wahls,M-Nogueiras,J/Capablanca mem-A 1996 (21)}) (13. e5 dxe5 14.
fxe5 Nd7 $132 {[%csl Re5][%cal Yd7e5,Yg7e5]}) 13... e6 {Deserve attention 13...
Qb8 as shown in game Grischuk-Ponomariov.} (13... Qc8 14. Rb1 (14. e5 Nfe8 15.
Qe2 Qb7 16. Ra3 Rd8 17. Rb3 e6 18. dxe6 fxe6 19. exd6 Nxd6 20. Bxe6+ Kh8 $44 {
1/2-1/2 Borriss,M-Bogdanovski,V/Panormo 2001/CBM 84 ext (28)}) 14... Nd7 15.
Be3 Rb8 16. b4 cxb4 17. Rxb4 Nc5 18. Bxc5 bxc5 19. Rxb8 Qxb8 $132 {1/2-1/2
Hitzgerova,G-Bosboom Lanchava,T/Halle 2001/EXT 2002 (62)}) (13... Qb8 $5 {
[%cal Gb8b7,Gf8b8,Gb6b5]} 14. Be3 (14. e5 Nd7 (14... b5 $5 15. axb5 axb5 16.
Rxa8 Qxa8 17. Nxb5 Nfxd5 18. exd6 exd6 19. Nxd6 Rd8 $1 $132) 15. e6 fxe6 16.
dxe6 Nf6 17. Be3 Qb7) 14... Qb7 $132 {1/2-1/2 Grischuk,A-Ponomariov,R/Lausanne
2000/CBM 78}) 14. dxe6 {Probably better was 14.f5.After 14.de black capturing
an initiative.} (14. f5 $5 exf5 15. exf5 b5 $5 16. axb5 axb5 17. Rxa8 Qxa8 18.
Bxb5 Ncxd5 $132 (18... Nxb5 19. Nxb5 Qxd5 20. Qxd5 Nxd5 21. Nxd6)) 14... fxe6
15. Be3 {In the case of simple 15.Rd1black will have good compensation after
sacrifice 15...d5.} (15. Rd1 d5 $5 16. exd5 Nfxd5 17. Nxd5 exd5 18. Bxd5+ Nxd5
19. Qxd5+ Qxd5 20. Rxd5 Rad8 $44) 15... Qe7 16. e5 Nfe8 17. exd6 Nxd6 18. Ne4
$6 (18. a5 $6 Nf5 19. Bf2 b5 $36) (18. Rae1 $5 $11) 18... Nxc4 19. Qxc4 Nd5 20.
Bc1 b5 $36 21. Qe2 b4 $5 (21... c4 $5 $15) 22. Rb1 $6 {Too passive.Better is
22.a5 fixating "a6" weak pawn.} (22. a5 $5 {[%csl Ra6]} Rf5 (22... Qc7 23. Ng5
{[%csl Ye6][%cal Yg5e6,Ye2e6]}) 23. Rf3 $11) 22... Qc7 23. Qc4 Qc6 {Now the
initiative comes to black.} 24. Kh1 (24. b3 $6 Bd4+ 25. Kh2 Nxf4 (25... Rad8)
26. Bxf4 Qxe4 27. Rbe1 Qd5 $17) 24... Qxa4 25. Qxc5 Rac8 $36 26. Qd6 Rc6 27.
Qd7 Nb6 (27... Qxc2 28. Ng5 Nf6 29. Qb7 h6 30. Nf3 Nd5 $36) 28. Qb7 Qxc2 29.
Re1 Nd5 30. Bd2 Rb6 31. Qd7 Qc6 $5 {Black trade queens transforming the game
in much more better ending.} 32. Qxc6 Rxc6 33. Ng5 Re8 34. Re4 a5 35. Ra1 Rc2
36. Be1 h6 37. Nf3 Rc5 38. Bf2 Rb5 39. Nd4 Bxd4 {Black trying to simplify the
game.39...Rc5 led to more complicated positions.} (39... Rc5 $5 40. g3 (40.
Nxe6 Rc2 41. Rxa5 Nf6 $19)) 40. Bxd4 Kf7 41. Rc1 b3 42. Rc6 $2 {Mistake that
offers black to make very unpleasant pin leading to loosing position.After 42.
Be5 white has good chances for successful defence.} (42. Be5 $5) 42... Rb4 $1
$19 43. Ra6 a4 (43... Nf6 $5 44. Ra7+ Kg8 45. Bxf6 Rxe4 46. g3 Re2 $19) 44. g4
Re7 45. Kg2 Nf6 $6 {[%mdl 8192]} (45... Nc7 $1 46. Ra7 a3 $1 47. Rxa3 (47. bxa3
b2) 47... Nb5 $19) 46. Bxf6 Rxe4 47. Bxe7 Kxe7 48. Kf3 Rc4 {[%mdl 4096]} 49. f5
{White try to complicate the game. In the case of obvious 49.h4 black would
have also winning position.} (49. h4 Rc2 50. Rxa4 Rxb2 51. Rb4 Kd6 52. Rb6+ Kd5
53. g5 hxg5 54. hxg5 Rb1 $19) 49... gxf5 50. gxf5 exf5 51. Rxh6 Kd7 52. Rf6 Rc5
53. Ra6 Rc4 54. Rf6 {More persistent 54.Kg3 also gives nothing to white in
condition of right play for black.} (54. Kg3 Rc2 55. Rxa4 Rxb2 56. Rb4 Rb1 57.
Kh4 b2 58. Rd4+ (58. Kh5 f4 59. h4 (59. Rxf4 Rh1 60. Rb4 b1=Q 61. Rxb1 Rxb1 $19
)) 58... Ke6 59. Rd2 f4 60. Kh5 Ke5 61. h4 Ke4 $19) 54... f4 (54... Rc2 $1 55.
Ra6 Rxb2 56. Rxa4 Rc2 57. Rb4 Rc3+ 58. Kf4 Rxh3 59. Kxf5 Kd6 $19) 55. Ra6 Kc7
56. Kg4 Kd7 $2 {The decisive mistake.Black step aside by their king from right
way to victory.The only way was 56...Kb7.} (56... Kb7 $1 57. Ra5 Kb6 58. Ra8
Kb5 59. Rb8+ Kc5 60. Ra8 Kd4 61. h4 Kd3 62. h5 Kc2 63. h6 f3+ 64. Kg3 f2 65.
Kxf2 (65. Rf8 f1=Q 66. Rxf1 Kxb2 $19) 65... Rh4 $19) 57. Kf3 Rd4 58. Kg4 (58.
h4 $5) 58... Ke7 59. h4 f3+ {Leads to clear draw but another way-59...Rd2 also
give nothing for black.} (59... Rd2 60. Rxa4 Rxb2 61. Rxf4 Rb1 62. Rb4 Kd6 (
62... b2 63. Kh5 $11) 63. Kg5 Kc5 64. Rb8 Kc4 65. h5 Kc3 66. h6 $11) 60. Kxf3
Rxh4 61. Ke3 Kd7 62. Kd3 Kc7 63. Kc3 Kb7 64. Rg6 $11 {Black can't strengthen
their position any more so  draw result is quite predictable.} Rh2 65. Kb4 Rxb2
66. Kxa4 Rb1 67. Ka3 1/2-1/2